[Event "Washington State Invitational"]
[Site "Seattle"]
[Date "2011.02.20"]
[Round "8"]
[White "Mathews, Dan"]
[Black "Tokareva, Kate"]
[Result "1/2-1/2"]
[WhiteElo "1820"]
[BlackElo "1871"]
[PlyCount "91"]
[EventDate "2011.02.12"]
[EventType "tourn"]
[EventRounds "9"]
[EventCountry "USA"]
[SourceTitle "EXT 2017"]
[Source "ChessBase"]
[SourceDate "2016.10.25"]
[SourceVersion "1"]
[SourceVersionDate "2016.10.25"]
[SourceQuality "1"]

1. e4 e5 2. Nf3 Nc6 3. d4 exd4 4. Nxd4 Nf6 5. Nxc6 bxc6 6. f3 Bc5 7. Be2 0-0 8. Nc3 Qe7 9. Bg5 Bb4 10. Qd4 c5 11. Bxf6 cxd4 12. Bxe7 Bxe7 13. Nb5 c5 14. b3 Bb7 15. 0-0 Bf6 16. Rad1 Bc6 17. Bc4 a5 18. a4 Rad8 19. Nc7 Be5 20. Nd5 Bxd5 21. Bxd5 Bf4 22. g3 Be3+ 23. Kg2 g6 24. f4 Kg7 25. f5 f6 26. Rf3 g5 27. g4 Rde8 28. c3 Rb8 29. cxd4 Bxd4 30. Rxd4 cxd4 31. Rd3 Rb6 32. Rxd4 Re8 33. Rd3 Rc8 34. Bc4 d6 35. Kg3 Rc7 36. Kf3 Rc5 37. Ke3 Rbc6 38. Rd4 Kf8 39. Kd3 Rb6 40. Kd2 Rc8 41. h3 Ke7 42. Bb5 Rc5 43. Rd3 Re5 44. Rd4 Rc5 45. Rd3 Re5 46. Rd4 1/2-1/2